| 000 | 00412nam a22001217a 4500 | ||
|---|---|---|---|
| 082 |
_a333.79 _bWOR _cD |
||
| 245 |
_aSubmission and evaluation of proposals for private power generation projects in developing countries _cThe world bank |
||
| 260 |
_aWashington _bThe world bank _c1994 |
||
| 300 |
_axvii, 97 p. : _bill, _c24 cm. |
||
| 526 |
_a0 _b0 _c0 _d333_790000000000000_WOR |
||
| 650 |
_aD _96527 |
||
| 942 |
_2ddc _cBK |
||
| 999 |
_c541938 _d541938 |
||